书目信息 |
| 题名: |
德语法语语音歌唱教程
|
|
| 作者: | 詹士华 , 陈言放 编著 | |
| 分册: | ||
| 出版信息: | 厦门 厦门大学出版社 2009.03 |
|
| 页数: | 12, 385页 | |
| 开本: | 21cm | |
| 丛书名: | 歌唱语音系列教程 | |
| 单 册: | ||
| 中图分类: | J616.1 | |
| 科图分类: | ||
| 主题词: | 德语--de yu--语音--声乐训练--教材 , 法语--fa yu--语音--声乐训练--教材 | |
| 电子资源: | ||
| ISBN: | 978-7-5615-2762-7 | |
| 000 | 01204nam 2200325 450 | |
| 001 | 012009409387 | |
| 005 | 20091128104214.31 | |
| 010 | @a978-7-5615-2762-7@dCNY27.00 | |
| 100 | @a20091128d2009 em y0chiy0120 ea | |
| 101 | 0 | @achi@ager@afre |
| 102 | @aCN@b350000 | |
| 105 | @ay a 000yy | |
| 106 | @ar | |
| 200 | 1 | @a德语法语语音歌唱教程@Ade yu fa yu yu yin ge chang jiao cheng@f詹士华, 陈言放编著@Fzhan shi hua,chen yan fang bian zhu |
| 205 | @a第2版 | |
| 210 | @a厦门@c厦门大学出版社@d2009.03 | |
| 215 | @a12, 385页@d21cm | |
| 225 | 2 | @a歌唱语音系列教程@Age chang yu yin xi lie jiao cheng |
| 312 | @a英文并列题名取自封面 | |
| 320 | @a有书目 (第385页) | |
| 330 | @a本书内容:第一章发音知识与发音器官简介;第二章德语元音;第三章德语辅音;第四章德语艺术歌曲作品练习及字对字译注;第五章德语歌剧作品练习等。 | |
| 410 | 0 | @12001 @a歌唱语音系列教程 |
| 510 | 1 | @aGuide to German & French singing phonics@zeng |
| 606 | 0 | @a德语@Ade yu@x语音@x声乐训练@j教材 |
| 606 | 0 | @a法语@Afa yu@x语音@x声乐训练@j教材 |
| 690 | @aJ616.1@v4 | |
| 701 | 0 | @a詹士华@Azhan shi hua@4编著 |
| 701 | 0 | @a陈言放@Achen yan fang@4编著 |
| 801 | 0 | @aCN@bRULIN@c20091128 |
| 905 | @b766027-29@dJ616.1@eZ054@f3 | |
| 德语法语语音歌唱教程/詹士华, 陈言放编著.-第2版.-厦门:厦门大学出版社,2009.03 |
| 12, 385页;21cm.-(歌唱语音系列教程) |
| ISBN 978-7-5615-2762-7:CNY27.00 |
| 本书内容:第一章发音知识与发音器官简介;第二章德语元音;第三章德语辅音;第四章德语艺术歌曲作品练习及字对字译注;第五章德语歌剧作品练习等。 |
| ● |
| 相关链接 |
|
|
|
正题名:德语法语语音歌唱教程
索取号:J616.1/Z054
 
预约/预借
| 序号 | 登录号 | 条形码 | 馆藏地/架位号 | 状态 | 备注 |
| 1 | 766027 | 207660271 | 社科库309/309社科库 92排2列5层/ [索取号:J616.1/Z054] | 在馆 | |
| 2 | 766028 | 207660280 | 社科库309/309社科库 92排2列5层/ [索取号:J616.1/Z054] | 在馆 | |
| 3 | 766029 | 207660299 | 社科库309/309社科库 92排2列5层/ [索取号:J616.1/Z054] | 在馆 |